000 00619nam a2200229Ia 4500
001 43266
005 20240114003540.0
007 ta
008 080904s2006 g b000 u 465 u
040 _aCotton College,Assam
041 _a465
082 _a515.723
_bSp 41 La
100 _aSpiegel, Murray R .
245 0 _aLaplace Transforms /
_cMurray R Spiegel.
_hTextual Documents
250 _a1st ed /
260 _aNew Delhi :
_bTata Mcgraw-Hill Publishing Company Ltd ,
_c2006.
653 _aMathematics
653 _aG-Mathematics
942 _2ddc
_cBK
999 _c43232
_d43232